| 000 | 01751nam0a2200361 4500 | ||
|---|---|---|---|
| 001 | RU\NLR\bibl\1342069 | ||
| 005 | 20260406102748.0 | ||
| 010 |
_a978-5-8062-0296-4 _91000 |
||
| 021 |
_aRU _b2009-2740 _9147 |
||
| 035 | _a(nilc)RSL-KNO-004236363 | ||
| 035 | _a(NLR Aleph) 001327222 | ||
| 090 |
_a777507 _c777507 |
||
| 100 | _a20081009d2009 |||y0rusy50 ca | ||
| 101 | 1 |
_arus _cjpn |
|
| 102 | _aRU | ||
| 105 | _aa ||||||||| | ||
| 200 | 1 |
_aЗаписки на досуге _fЁсида Канэёси _gпер. [с яп.] Александра Мещерякова |
|
| 210 |
_aМосква _cНаталис _d2009 (печ. 2008) |
||
| 215 |
_a190, [1] с. _cил. _d21 |
||
| 225 | 1 | _aВосточная коллекция | |
| 300 | _aНа 5-й с. авт.: Ёсида Канэёси, после пострига - монах Кэнко, Кэнко-хоси | ||
| 610 | 0 | _aФилологические науки. Художественная литература -- Япония -- Японская литература 8 - 19 вв( до 1868 г.) -- Произведения художественной литературы -- Художественная проза -- Записки | |
| 686 |
_aШ5(5Я)4-624.4 _2rubbk |
||
| 686 | _aШ5(5Я)4-332.4(текст) | ||
| 700 | 0 |
_4070 _8rus _7ca _aКэнко-хоси _f1283-1350 _3RU\NLR\AUTH\7764353 _947282 |
|
| 702 | 1 |
_4730 _8rus _7ca _aМещеряков _bА. Н. _cд-р ист. наук, востоковед _f1951- _gАлександр Николаевич _3RU\NLR\AUTH\7784687 _967615 |
|
| 801 | 0 |
_aRU _bАгентство CIP РГБ _c20081009 _grcr |
|
| 801 | 1 |
_aRU _bРГБ _c20081009 |
|
| 801 | 2 |
_aRU _bNLR _c20090318 _grcr |
|
| 942 | _cBOOK | ||
| 980 | _aNB | ||